Buttercup in glitter ocean (fashion fairy princess) / (Record no. 4758)
[ view plain ]
| 000 -LEADER | |
|---|---|
| fixed length control field | 01147nam a22002537a 4500 |
| 001 - CONTROL NUMBER | |
| control field | 4758 |
| 003 - CONTROL NUMBER IDENTIFIER | |
| control field | FISKH |
| 005 - DATE AND TIME OF LATEST TRANSACTION | |
| control field | 20241009093527.0 |
| 008 - FIXED-LENGTH DATA ELEMENTS--GENERAL INFORMATION | |
| fixed length control field | 241009b cb ||||| |||| 00| 0 eng d |
| 020 ## - INTERNATIONAL STANDARD BOOK NUMBER | |
| International Standard Book Number | 9781407139555 |
| 040 ## - CATALOGING SOURCE | |
| Original cataloging agency | FISKH |
| Language of cataloging | eng |
| Transcribing agency | FISKH |
| Modifying agency | FISKH |
| 082 ## - DEWEY DECIMAL CLASSIFICATION NUMBER | |
| Classification number | 823.92 |
| 100 ## - MAIN ENTRY--PERSONAL NAME | |
| Personal name | Collins, Poppy |
| 245 ## - TITLE STATEMENT | |
| Title | Buttercup in glitter ocean (fashion fairy princess) / |
| Statement of responsibility, etc. | Poppy Collins |
| 250 ## - EDITION STATEMENT | |
| Edition statement | First published in 2014 |
| 260 ## - PUBLICATION, DISTRIBUTION, ETC. | |
| Place of publication, distribution, etc. | London : |
| Name of publisher, distributor, etc. | Scholastic, |
| Date of publication, distribution, etc. | 2014. |
| 300 ## - PHYSICAL DESCRIPTION | |
| Extent | 86 pages : |
| Other physical details | illustrations ; |
| Dimensions | 20 cm |
| 520 ## - SUMMARY, ETC. | |
| Summary, etc. | The fairy princesses' friends are having a party in Glitter Ocean. They're so excited and set off in a pearl-encrusted shell boat, wearing full-length mermaid gowns. But then the boat gets caught in a glitter storm! Luckily, Buttercup calls out to some friendly seahorses, who give the fairy princesses a ride to the Coral Castle deep in the sparkly sea. But their clothes have been ruined on the hazardous journey! Can they get ready for the party in time? |
| 650 ## - SUBJECT ADDED ENTRY--TOPICAL TERM | |
| Source of heading or term | Rainbow |
| Topical term or geographic name entry element | Fashion |
| 650 ## - SUBJECT ADDED ENTRY--TOPICAL TERM | |
| Source of heading or term | Fairy |
| Topical term or geographic name entry element | Ocean |
| 700 ## - ADDED ENTRY--PERSONAL NAME | |
| Personal name | Shephard, David |
| Dates associated with a name | Illustrator |
| 942 ## - ADDED ENTRY ELEMENTS (KOHA) | |
| Source of classification or shelving scheme | Dewey Decimal Classification |
| Koha item type | Books |
| Suppress in OPAC | No |
| Withdrawn status | Lost status | Source of classification or shelving scheme | Damaged status | Not for loan | Home library | Current library | Shelving location | Date acquired | Total Checkouts | Full call number | Barcode | Date last seen | Copy number | Price effective from | Koha item type |
|---|---|---|---|---|---|---|---|---|---|---|---|---|---|---|---|
| Dewey Decimal Classification | Footprints International School Library Network Toul Kork Campus | Footprints International School Library Network Toul Kork Campus | TK Chapter Book for Secondary Selves | 10/09/2024 | COL 823.92 | 2024-2102 | 10/09/2024 | 1 | 10/09/2024 | Books |
